| 000 -LEADER |
| fixed length control field |
01018cam a2200265 i 4500 |
| 001 - CONTROL NUMBER |
| control field |
19138492 |
| 005 - DATE AND TIME OF LATEST TRANSACTION |
| control field |
20180307045139.0 |
| 008 - FIXED-LENGTH DATA ELEMENTS--GENERAL INFORMATION |
| fixed length control field |
160616s2015 sa a b 000 0 eng |
| 010 ## - LIBRARY OF CONGRESS CONTROL NUMBER |
| LC control number |
2015409735 |
| 020 ## - INTERNATIONAL STANDARD BOOK NUMBER |
| International Standard Book Number |
9780702185557 |
| 040 ## - CATALOGING SOURCE |
| Original cataloging agency |
DLC |
| Language of cataloging |
eng |
| Description conventions |
rda |
| Transcribing agency |
DLC |
| 041 ## - LANGUAGE CODE |
| Language code of text/sound track or separate title |
eng |
| 042 ## - AUTHENTICATION CODE |
| Authentication code |
pcc |
| 043 ## - GEOGRAPHIC AREA CODE |
| Geographic area code |
f-sa--- |
| 080 ## - UNIVERSAL DECIMAL CLASSIFICATION NUMBER |
| Universal Decimal Classification number |
34 LEE |
| 082 ## - DEWEY DECIMAL CLASSIFICATION NUMBER |
| Edition number |
34 LEE |
| 100 ## - Rafti |
| Rafti |
14 |
| 101 ## - Shkurtesa |
| Shkurtesa |
JUR |
| 245 00 - TITLE STATEMENT |
| Title |
Street law : |
| Statement of responsibility, etc |
by David McQuoid-Mason (general editor) with Lindi Coetzee, Lloyd Lotz, Malebakeng Forere and Rowena Bernard ; illustrated by Andy Mason with Jeff Rankin, Grant Cresswell, Luke Molver and Themba Siwela. |
| 504 ## - BIBLIOGRAPHY, ETC. NOTE |
| Bibliography, etc |
Includes bibliographical references. |
| 785 00 - SUCCEEDING ENTRY |
| Display text |
Revision of: |
| Title |
Street law South Africa |
| Edition |
2nd ed. |
| Place, publisher, and date of publication |
Lansdowne [South Africa] : Juta, 2005 |
| International Standard Book Number |
0702166685 |
| Record control number |
(DLC) 2010289233 |
| 906 ## - LOCAL DATA ELEMENT F, LDF (RLIN) |
| a |
7 |
| b |
cbc |
| c |
orignew |
| d |
1 |
| e |
ncip |
| f |
20 |
| g |
y-gencatlg |
| 942 ## - ADDED ENTRY ELEMENTS (KOHA) |
| Source of classification or shelving scheme |
|
| Item type |
Books |